| 000 | 00951cam a22003017a 4500 | ||
|---|---|---|---|
| 003 | CHAP | ||
| 005 | 20220329141118.0 | ||
| 008 | 971014s1884 r 00010 d | ||
| 010 | _a62751 | ||
| 011 | _a63723 | ||
| 035 | _a67900 | ||
| 040 | _cCHAP | ||
| 082 |
_a636.31 _bC93 |
||
| 100 | 0 | 0 |
_aCházari, Esteban. _922812 |
| 245 | 0 | _aPiscicultura en agua dulce | |
| 260 |
_aMéxico, D.F. : _bSecretaría de Fomento, _c1884 |
||
| 300 |
_a828 p. _b: ilus. |
||
| 590 |
_aBATCH-UPD _b10 _c20130110 _lUCH01 _h0605 |
||
| 590 |
_aBATCH-UPD _b10 _c20130410 _lUCH01 _h0247 |
||
| 590 |
_aBATCH-UPD _b10 _c20130914 _lUCH01 _h0927 |
||
| 590 |
_aCONVERSION _b10 _c20130109 _lUCH01 _h1334 |
||
| 650 | 1 | 4 |
_aPiscicultura. _988531 |
| 901 | _aBK | ||
| 942 | _cLIBRO | ||
| 949 |
_a639.31 C93 _bBC _cBPP _d-154697 _eBPP _h24852 _i67900 _si |
||
| 949 |
_a639.31 C93 _bBC _cBPP _d-154698 _eBPP _fc.2 _h24853 _i67900 _si |
||
| 949 |
_a639.31 C93 _bBC _cBPP _d-154699 _eBPP _fc.3 _h24854 _i67900 _si |
||
| 999 |
_c62751 _d62751 |
||